000 00347nam a2200145 i 4500
001 bg
100 1 _aMURZEWSKI, J.
245 0 _aZarys teorii niezawodności konstrukcji /
_cJ. Murzewski, A. Sowa.
260 _aKraków,
_c1983.
700 1 _aSOWA, A.
040 _cBPK
041 _apol
942 _cKS
008 s pl f |000 0 pol
999 _c939
_d939
856 _uhttp://koha.tu.koszalin.pl/cgi-bin/koha/opac-detail.pl?biblionumber=939
_yKatalog online BPK